000 00503nam a2200217Ia 4500
008 210210b1917 xxu||||| |||| 00| 0 eng d
041 _aeng
082 _a515/89
100 _aMUKHOPADHYA (A)
245 _aElementary treatise on the geometry of conics
260 _aLondon
_bMacmillan & Co. Ltd.
_c1917
650 _atreatise
650 _athe
650 _aon
650 _aof
650 _ageometry
650 _aElementary
650 _aconics
690 _aGeometry
906 _a007653
999 _c140192
_d140192